| 000 | 00753nam a22002177a 4500 | ||
|---|---|---|---|
| 999 |
_c3622 _d3622 |
||
| 003 | AR-CdUCM | ||
| 008 | 190307b ||||| |||| 00| 0 spa d | ||
| 040 |
_aMUNICIPALIDAD PROVINCIAL DEL CUSCO _cBIBLIOTECA MUNICIPAL DEL CUSCO |
||
| 082 |
_a869.56 / _bR68 |
||
| 100 |
_aRivas Mendo, Felipe _911820 |
||
| 245 | _aCuatro obras para el retablillo / | ||
| 260 |
_aLima : _bEdiciones Pinocho, _c1967. |
||
| 300 |
_a30 páginas ; _c18 cm. |
||
| 500 | _aDedicatoria. | ||
| 505 | _aContenido: Pinocho vuelve a mentir -- Caperucita en su casa -- El rey triste y el diablo alegre -- La bruja verde y la princesita celeste. | ||
| 650 |
_aTeatro peruano _92697 |
||
| 650 |
_aSiglo XX _98 |
||
| 650 |
_aRetablillo _911821 |
||
| 942 |
_2ddc _cLIBROS |
||
| 945 | _adavv | ||